Statistics for Happiest Countries

Click here to take the quiz!

General Stats

  • This quiz has been taken 26 times
  • The average score is 14 of 19

Answer Stats

ScoreCountry% Correct
7.404Canada
92%
7.413Finland
92%
7.498Norway
92%
7.291Sweden
92%
7.313Australia
88%
7.526Denmark
88%
6.929Belgium
83%
7.334New Zealand
83%
7.087United States
83%
7.339Netherlands
79%
7.119Austria
75%
6.994Germany
75%
7.501Iceland
75%
7.509Switzerland
75%
6.871Luxembourg
67%
6.907Ireland
63%
6.778Mexico
38%
6.952Brazil
29%
7.104Israel
25%

Score Distribution

Percentile by Number Answered

Percent of People with Each Score

Your Score History

You have not taken this quiz